| 000 | 00421cam a2200181 4500 | ||
|---|---|---|---|
| 001 | D14071 | ||
| 008 | 090401t1938 xxu||||| |||| 00| 0 eng d | ||
| 035 | _a(Sirsi) u94630 | ||
| 041 | _aeng | ||
| 100 | _aTory, J.E. | ||
| 245 | 4 | _aThe complete valuation practice | |
| 260 |
_aLondon _bEstates Gazette Ltd _c1938 |
||
| 350 | _a0 | ||
| 520 | _aShelf 136 | ||
| 700 | _aMustoe, N.E. | ||
| 942 | _n0 | ||
| 948 | _c04/03/1997 | ||
| 999 |
_c98103 _d98103 |
||